000 00589nam a2200217Ia 4500
003 OSt
005 20250825162535.0
008 210210b2004 xxu||||| |||| 00| 0 eng d
020 _a8120325869
040 _cAL
041 _aeng
082 _a323 MONC
100 _aMahmood Monshipouri
_9237104
245 _aConstructing human rights in the age of globalization
260 _aNew delhi
_bPrentice-Hall of India Private Limited
_c2004
300 _axxxiii,353p.
690 _aRelation of State
_9237105
700 _aEnglehart, Neil
_9237106
906 _a066528
942 _2ddc
_cBK
999 _c148020
_d148020